000
00268nam a2200121Ia 4500
008
190216s9999||||xx |||||||||||||| ||und||
100
_a
Arun Kumar Jain
245
0
_a
Hindi-Samjog
260
_b
Punya Prakashan
_c
2012
300
_a
152
650
_a
Hindi
942
_c
BK
999
_c
16751
_d
16751